00310nam a2200121Ia 4500008004100000082001500041100001700056245004000073250001200113260004700125300000800172650000800180191201s2010 xx 000 0 und d a658.5bASP aASWATHPPAS,K 0aProduction and Operation Management a2nd Rev aN. DelhibHimalaya Publication Housec2010 a656 aBBA